Business Environment/ (Record no. 189790)

MARC details
000 -LEADER
fixed length control field 00778nam a22002297a 4500
005 - DATE AND TIME OF LATEST TRANSACTION
control field 20220713111858.0
010 ## - LCCN (DPL NO)
LC control number ENG-133504
020 ## - INTERNATIONAL STANDARD BOOK NUMBER
Terms of availability 799.00
International Standard Book Number 9789353948160
035 ## - SYSTEM CONTROL NUMBER
System control number EN-117036
037 ## - SOURCE OF ACQUISITION
Source of stock number/acquisition DBAD/PUB
082 ## - DEWEY DECIMAL CLASSIFICATION NUMBER
Classification number 658
100 ## - MAIN ENTRY--PERSONAL NAME
Personal name Saleem, Shaikh
245 ## - TITLE STATEMENT
Title Business Environment/
Statement of responsibility, etc by Shaikh Saleem
250 ## - EDITION STATEMENT
Edition statement 4th edition
260 ## - PUBLICATION, DISTRIBUTION, ETC. (IMPRINT)
Place of publication, distribution, etc Noida
Name of publisher, distributor, etc Pearson
Date of publication, distribution, etc 2021
270 ## - ADDRESS
Address 15th floor,Tower-B,Word Trade Tower,Plot no.1,Block-C sec 16,
City Noida
Postal code 201301
Telephone number 04466540100
Electronic mail address companysecretary.india@pearson.com
300 ## - PHYSICAL DESCRIPTION
Extent xxii; 834p.
Dimensions 25cm(pbk)
Other physical details illustrations
600 ## - SUBJECT ADDED ENTRY--PERSONAL NAME
Dates associated with a name Senior editor- Varun Goenka
600 ## - SUBJECT ADDED ENTRY--PERSONAL NAME
Dates associated with a name Editor Development- Anindita Malhotra
600 ## - SUBJECT ADDED ENTRY--PERSONAL NAME
Dates associated with a name Senior Editor Production- G. Sharmilee
942 ## - ADDED ENTRY ELEMENTS (KOHA)
Source of classification or shelving scheme Dewey Decimal Classification
Item type English Books
Classification part 658
Call number suffix SAL
Holdings
Withdrawn status Lost status Not for loan Collection code Home library Current library Date acquired Source of acquisition Cost, normal purchase price Full call number Barcode Copy number Cost, replacement price Koha item type
      Non-fiction Bawana Bawana 13/07/2022 DBAD/PUB 799.00 658 SAL EN-117036 1 799.00 English Books

© Delhi Public Library
Hit Counter
free hit counter